<?xml version="1.0" encoding="UTF-8"?>
<record
    xmlns:xsi="http://www.w3.org/2001/XMLSchema-instance"
    xsi:schemaLocation="http://www.loc.gov/MARC21/slim http://www.loc.gov/standards/marcxml/schema/MARC21slim.xsd"
    xmlns="http://www.loc.gov/MARC21/slim">

  <leader>01713nam a22002177a 4500</leader>
  <controlfield tag="005">20250221151923.0</controlfield>
  <controlfield tag="008">250221b           ||||| |||| 00| 0 eng d</controlfield>
  <datafield tag="020" ind1=" " ind2=" ">
    <subfield code="a">9789354640773</subfield>
  </datafield>
  <datafield tag="040" ind1=" " ind2=" ">
    <subfield code="c">AL</subfield>
  </datafield>
  <datafield tag="041" ind1=" " ind2=" ">
    <subfield code="a">eng</subfield>
  </datafield>
  <datafield tag="082" ind1=" " ind2=" ">
    <subfield code="2">23</subfield>
    <subfield code="a">530.12</subfield>
    <subfield code="b">ZETQ</subfield>
  </datafield>
  <datafield tag="100" ind1=" " ind2=" ">
    <subfield code="a">Nouredine Zettili</subfield>
    <subfield code="9">201775</subfield>
  </datafield>
  <datafield tag="245" ind1=" " ind2=" ">
    <subfield code="a">Quantum mechancis</subfield>
    <subfield code="b">: concepts and applications</subfield>
  </datafield>
  <datafield tag="250" ind1=" " ind2=" ">
    <subfield code="a">2nd ed.</subfield>
  </datafield>
  <datafield tag="260" ind1=" " ind2=" ">
    <subfield code="a">New Delhi</subfield>
    <subfield code="b">Wiley</subfield>
    <subfield code="c">2023</subfield>
  </datafield>
  <datafield tag="300" ind1=" " ind2=" ">
    <subfield code="a">xiv,829p.</subfield>
    <subfield code="b">PB</subfield>
    <subfield code="c">26x20cm.</subfield>
  </datafield>
  <datafield tag="365" ind1=" " ind2=" ">
    <subfield code="2">General</subfield>
    <subfield code="a">6387</subfield>
    <subfield code="b">&#x20B9;1116.00</subfield>
    <subfield code="c">&#x20B9;</subfield>
    <subfield code="d">&#x20B9;1395.00</subfield>
    <subfield code="e">20%</subfield>
    <subfield code="f">06/02/2025</subfield>
  </datafield>
  <datafield tag="520" ind1=" " ind2=" ">
    <subfield code="a">Just looking at the first line, the setting is a place that&#x2019;s threatening to tip over into the unnatural. The uncanny atmosphere is eerily present, like something terrible you can&#x2019;t look away from, and in fact, want to read more of. Here&#x2019;s how the description achieves this: The juxtaposition of a tourist-like welcome and the death imagery that follows Very physical descriptions of &#x201C;unearthed bones&#x201D; and &#x201C;a city thrumming&#x201D; Things are given agency that shouldn&#x2019;t have agency: the city, dead children Intentions and desires are disconnected from people like bodies without a soul With carefully chosen language and imagery, the blurb transports us to a Buenos Aires that&#x2019;s teeming with the dead. It&#x2019;s what ties the short stories together. We don&#x2019;t need to know about individual characters or plot lines because the setting is described so intentionally, it makes us feel uncomfortable with our own curiosity for this dark place: what ungodly thing is happening in this city? And when you make your readers feel something, you know your Amazon readers will hit &#x201C;Buy now.&#x201D;</subfield>
  </datafield>
  <datafield tag="650" ind1=" " ind2=" ">
    <subfield code="2">Physics</subfield>
    <subfield code="a">Quantum Mechanics</subfield>
    <subfield code="9">201776</subfield>
  </datafield>
  <datafield tag="942" ind1=" " ind2=" ">
    <subfield code="2">ddc</subfield>
    <subfield code="c">BK</subfield>
  </datafield>
  <datafield tag="999" ind1=" " ind2=" ">
    <subfield code="c">233861</subfield>
    <subfield code="d">233861</subfield>
  </datafield>
  <datafield tag="952" ind1=" " ind2=" ">
    <subfield code="0">0</subfield>
    <subfield code="1">0</subfield>
    <subfield code="2">ddc</subfield>
    <subfield code="4">0</subfield>
    <subfield code="7">0</subfield>
    <subfield code="8">PHY</subfield>
    <subfield code="a">SACPG</subfield>
    <subfield code="b">SACPG</subfield>
    <subfield code="d">2025-02-12</subfield>
    <subfield code="e">Biblios Book Point</subfield>
    <subfield code="g">1116.00</subfield>
    <subfield code="l">0</subfield>
    <subfield code="o">530.12 ZETQ</subfield>
    <subfield code="p">PG024943</subfield>
    <subfield code="r">2025-02-21 00:00:00</subfield>
    <subfield code="v">1395.00</subfield>
    <subfield code="w">2025-02-21</subfield>
    <subfield code="y">BK</subfield>
  </datafield>
</record>
